00426nam a22001577a 4500003000400000005001700004008004100021020001500062050002400077082002700101100002300128245004700151260003900198300002500237562000600262OSt20140310181750.0130626t xxu||||| |||| 00| 0 eng d a9712324001 aPL 5571b.D331 1998 aFIL 372.634 bD37 1998 ade la Pena, Dioza  aPagsulong sa pagsulat /cDioza de la Pena. aManila : bRex Book Store, c1998. axv. 94 p. :c28 cm.  e1